The complete technology book on detergents / (Record no. 136001)
[ view plain ]
| 000 -LEADER | |
|---|---|
| fixed length control field | 00803nam a22002417a 4500 |
| 003 - CONTROL NUMBER IDENTIFIER | |
| control field | dpl |
| 005 - DATE AND TIME OF LATEST TRANSACTION | |
| control field | 20180711123623.0 |
| 008 - FIXED-LENGTH DATA ELEMENTS--GENERAL INFORMATION | |
| fixed length control field | 180625b xxu||||| |||| 00| 0 eng d |
| 010 ## - LIBRARY OF CONGRESS CONTROL NUMBER | |
| LC control number | B-181185 |
| 020 ## - INTERNATIONAL STANDARD BOOK NUMBER | |
| Terms of availability | 800.00 |
| International Standard Book Number | 8186623787 |
| 035 ## - SYSTEM CONTROL NUMBER | |
| System control number | B-181185, B-128326, B-128322 |
| 037 ## - SOURCE OF ACQUISITION | |
| Source of stock number/acquisition | Cen Lib/Ret |
| 040 ## - CATALOGING SOURCE | |
| Original cataloging agency | DPL |
| Language of cataloging | EN |
| Transcribing agency | 0 |
| 082 ## - DEWEY DECIMAL CLASSIFICATION NUMBER | |
| Classification number | 668.14 |
| Item number | COM |
| 110 ## - MAIN ENTRY--CORPORATE NAME | |
| Corporate name or jurisdiction name as entry element | Delhi.National Institute of Industrial Research |
| 9 (RLIN) | 100020 |
| 245 ## - TITLE STATEMENT | |
| Title | The complete technology book on detergents / |
| 260 ## - PUBLICATION, DISTRIBUTION, ETC. (IMPRINT) | |
| Place of publication, distribution, etc | Delhi |
| Name of publisher, distributor, etc | National Institute of Industrial Research |
| 270 ## - ADDRESS | |
| Address | 106-E, Kamla Nagar, P.E.No.2162 |
| City | Delhi |
| Postal code | 110007 |
| 300 ## - PHYSICAL DESCRIPTION | |
| Extent | xiii,480p. |
| Dimensions | 20cm(pbk) |
| 650 ## - SUBJECT ADDED ENTRY--TOPICAL TERM | |
| Topical term or geographic name as entry element | Detergents - components |
| 9 (RLIN) | 100021 |
| 650 ## - SUBJECT ADDED ENTRY--TOPICAL TERM | |
| Topical term or geographic name as entry element | Ingredients for detergents |
| 9 (RLIN) | 100022 |
| 942 ## - ADDED ENTRY ELEMENTS (KOHA) | |
| Source of classification or shelving scheme | Dewey Decimal Classification |
| Koha item type | English Books |
| Classification part | 668.14 |
| Call number suffix | COM |
| Withdrawn status | Lost status | Damaged status | Not for loan | Home library | Current library | Date acquired | Source of acquisition | Cost, normal purchase price | Total Checkouts | Total Renewals | Full call number | Barcode | Checked out | Date last seen | Date checked out | Copy number | Cost, replacement price | Price effective from | Koha item type | Source of classification or shelving scheme | Collection code |
|---|---|---|---|---|---|---|---|---|---|---|---|---|---|---|---|---|---|---|---|---|---|
| Central Library | Central Library | 12/10/2015 | Cen Lib/Ret | 800.00 | 1 | 1 | 668.14 COM | B-181185 | 20/04/2018 | 08/03/2018 | 08/03/2018 | 1 | 800.00 | 12/10/2015 | English Books | ||||||
| Central Library | Central Library | 22/12/2015 | Cen Lib/Ret | 800.00 | 668.14 COM | B-128321 | 22/12/2015 | 2 | 800.00 | 22/12/2015 | English Books | ||||||||||
| Patel Nagar | Patel Nagar | 11/07/2018 | BPPD/PUB | 800.00 | 668.14 COM | B-128322 | 11/07/2018 | 800.00 | 11/07/2018 | English Books | Dewey Decimal Classification | Non-fiction | |||||||||
| Sarojini Nagar | Sarojini Nagar | 11/04/2019 | 668.14 COM | B-128323 | 11/04/2019 | 11/04/2019 | English Books | Dewey Decimal Classification | Non-fiction | ||||||||||||
| Shahdara Branch | Shahdara Branch | 25/06/2018 | BPPD/PUB | 800.00 | 668.14 COM | B-128326 | 25/06/2018 | 800.00 | 25/06/2018 | English Books | Dewey Decimal Classification | Non-fiction |
